Loading...
| History - European | 1 | 8 | 0 | 0 | 95 | 78 | 110.33 | 1 | 5 | 17.97 | 52.02 |
| History - Other | 1 | 7 | 0 | 1 | 85 | 67 | 109.75 | 0 | 3 | 15.84 | 36.24 |
| Literature - European | 0 | 8 | 0 | 0 | 80 | 117 | 135.13 | 1 | 1 | 8.56 | 34.76 |
| History - American | 0 | 6 | 0 | 1 | 60 | 98 | 128.50 | 0 | 1 | 6.58 | 18.33 |
| History - World | 1 | 4 | 0 | 1 | 55 | 76 | 105.40 | 0 | 2 | 10.73 | 22.96 |
| Fine Arts - Other Arts | 0 | 4 | 0 | 3 | 40 | 154 | 161.00 | 0 | 1 | -0.10 | 2.22 |
| Fine Arts - Classical Music and Opera | 1 | 2 | 0 | 0 | 35 | 53 | 110.00 | 1 | 1 | 6.69 | 12.26 |
| Literature - British | 0 | 4 | 1 | 1 | 35 | 117 | 137.50 | 0 | 1 | 2.60 | 12.21 |
| Religion | 1 | 2 | 0 | 1 | 35 | 63 | 112.67 | 1 | 2 | 6.84 | 14.71 |
| Social Science | 0 | 4 | 1 | 1 | 35 | 98 | 127.50 | 0 | 0 | 2.87 | 6.79 |
| Literature - World | 0 | 3 | 1 | 0 | 25 | 135 | 147.33 | 0 | 0 | 1.23 | 6.23 |
| Mythology | 0 | 2 | 0 | 0 | 20 | 115 | 122.00 | 0 | 1 | 6.44 | 21.63 |
| Other Academic | 0 | 2 | 0 | 0 | 20 | 94 | 114.50 | 0 | 1 | 5.73 | 24.17 |
| Science - Physics | 0 | 2 | 0 | 1 | 20 | 132 | 136.00 | 0 | 0 | 1.12 | 6.90 |
| Modern World | 0 | 2 | 1 | 0 | 15 | 76 | 95.50 | 1 | 1 | 11.56 | 25.56 |
| Philosophy | 0 | 2 | 1 | 0 | 15 | 128 | 142.00 | 0 | 0 | 1.18 | 4.69 |
| Science - Chemistry | 0 | 1 | 0 | 0 | 10 | 115 | 115.00 | 0 | 0 | 1.28 | 3.85 |
| Other Science (Computer Science) | 0 | 1 | 0 | 1 | 10 | 123 | 123.00 | 0 | 0 | 0.20 | 1.67 |
| Other Science (Engineering) | 0 | 1 | 0 | 0 | 10 | 109 | 109.00 | 0 | 0 | 23.78 | 46.67 |
| Literature - American | 0 | 1 | 0 | 0 | 10 | 120 | 120.00 | 0 | 0 | 1.41 | 5.64 |
| Fine Arts - Painting and Sculpture | 0 | 1 | 0 | 0 | 10 | 146 | 146.00 | 0 | 0 | 1.01 | 2.56 |
| Science - Biology | 0 | 1 | 1 | 1 | 5 | 152 | 152.00 | 0 | 0 | 0.05 | 3.08 |
| Geography | 0 | 0 | 0 | 0 | 0 | 0.00 | 0 | 0 | 0.00 | 0.00 | |
| Other Culture | 0 | 0 | 1 | 0 | -5 | 0.00 | 0 | 0 | 0.00 | 0.00 |